Mzdy a financie časopis pre ekonómov, podnikateľov, podniky a organizácie

Enregistré dans:
Détails bibliographiques
Format: Publication en série
Langue:slovaque
Publié: Bratislava EPOS 1997
Sujets:
Tags: Ajouter un tag
Pas de tags, Soyez le premier à ajouter un tag!

MARC

LEADER 00000nas2a2200000 4500
001 s121811
005 20221220131051.7
022 |a 1335-4329 
041 0 |a slo 
044 |a SK 
245 1 0 |a Mzdy a financie  |b časopis pre ekonómov, podnikateľov, podniky a organizácie 
264 1 |a Bratislava  |b EPOS  |c 1997 
300 |a 3 zv. 
773 0 |w eu_un_cat*s120068 
610 2 0 |a mzdy 
610 2 0 |a financie